|
|
|
|
| LEADER |
01272pam a22002658a 4500 |
| 001 |
00023231 |
| 005 |
20171026081022.0 |
| 008 |
110615s1978 ||||||Viesd |
| 041 |
0 |
# |
|a Vie
|
| 082 |
1 |
4 |
|a 895.922 090 032
|b L302S
|
| 100 |
0 |
# |
|a Huỳnh Lý
|
| 245 |
0 |
0 |
|a Lịch sử văn học Việt Nam
|b Sách dùng trong các trường ĐH và CĐSP
|c Huỳnh Lý; Hoàng Dung, Nguyễn Hoàng Khung, Nguyễn Đăng Mạnh
|n Tập 5, phần 2
|p giai đoạn 1930-1945
|
| 250 |
# |
# |
|a In lần
|
| 260 |
# |
# |
|b Giáo dục
|
| 260 |
# |
# |
|a H.
|
| 260 |
# |
# |
|c 1978
|
| 700 |
0 |
# |
|a Hoàng Dung
|
| 700 |
0 |
# |
|a Nguyễn Hoàng Khung
|
| 700 |
0 |
# |
|a Nguyễn Đăng Mạnh
|
| 852 |
# |
# |
|b Kho giáo trình
|j KGT.0023082, KGT.0023083, KGT.0023084, KGT.0023085, KGT.0023086, KGT.0023087, KGT.0023088, KGT.0023089, KGT.0023090, KGT.0023091, KGT.0023091, KGT.0023092, KGT.0023093
|
| 852 |
# |
# |
|b Kho mượn
|j KGT.0023087
|
| 852 |
# |
# |
|b Kho đọc
|j KD.0009370
|
| 852 |
# |
# |
|j KD.0009370
|j KGT.0023083
|j KGT.0023082
|j KGT.0023085
|j KGT.0023086
|j KGT.0023089
|j KGT.0023093
|j KGT.0023091
|j KGT.0023088
|j KGT.0023084
|j KGT.0023087
|j KGT.0023090
|j KGT.0023092
|
| 910 |
0 |
# |
|a ngọc
|d 15/06/2011
|
| 980 |
# |
# |
|a Trung tâm Học liệu Lê Vũ Hùng, Trường Đại học Đồng Tháp
|